| 000 | 00340nam a2200133Ia 4500 | ||
|---|---|---|---|
| 005 | 20251222143155.0 | ||
| 008 | 251222s9999||||xx |||||||||||||| ||spa|| | ||
| 020 | _a84-404-6245-X | ||
| 082 | _a346.068.2/D69 | ||
| 100 | _aDíaz Echegaray, José | ||
| 245 | 0 | _aFundación de la Sociedad Anónima: | |
| 264 | _bArtes Gráficas | ||
| 942 | _cLIB | ||
| 999 |
_c12860 _d12860 |
||